Statistics for Guess the Olivia Rodrigo Song with No Hints

Click here to take the quiz!

General Stats

  • This quiz has been taken 222 times
  • The average score is 185 of 302

Answer Stats

lyrics% Correct
I
99%
a
95%
the
88%
me
86%
Me
86%
be
83%
go
82%
so
80%
to
79%
it
77%
And
76%
and
76%
do
74%
my
74%
love
72%
all
71%
am
70%
I'm
70%
it's
70%
who
70%
But
69%
for
69%
of
68%
that
67%
like
66%
bed
64%
Want
64%
good
64%
in
64%
on
64%
where
64%
Where
64%
know
63%
not
63%
with
63%
Making
62%
making
62%
thing
62%
been
61%
can
61%
at
60%
don't
60%
did
59%
got
59%
girl
57%
just
56%
some
56%
who's
56%
feel
55%
friends
55%
wanna
55%
done
53%
every
53%
Every
53%
head
52%
away
51%
'cause
51%
oh
51%
one
51%
say
51%
They
51%
they
51%
can't
50%
over
50%
Another
49%
best
49%
drunk
49%
Getting
49%
Sometimes
49%
sometimes
49%
people
48%
Push
48%
club
47%
fun
47%
I've
47%
mine
47%
Well
47%
well
47%
ruined
46%
this
46%
Pull
45%
sheets
45%
tired
45%
up
45%
used
45%
as
44%
being
44%
said
44%
out
43%
what
43%
could
42%
day
42%
plastic
41%
piece
40%
than
40%
throw
40%
nothing
39%
sign
39%
thought
39%
doesn't
38%
them
38%
yeah
38%
conversation
37%
dream
37%
forced
37%
has
37%
light
37%
older
37%
perfect
37%
playing
37%
something
37%
victim
37%
into
36%
night
36%
tell
36%
off
34%
pretending
34%
read
34%
stop
34%
took
34%
wake
34%
moment
33%
red
33%
turned
33%
life
32%
things
32%
dread
31%
driving
30%
fair-weather
30%
road
30%
through
30%
attraction
29%
control
29%
imagined
29%
let
29%
tourist
29%
wanted
29%
city
28%
from
28%
distraction
25%
feels
25%
swerve
25%
They're
25%
somewhere
24%
changing
23%
happen
23%
machinery
23%
someone
23%
brakes
21%
recurring
20%
regret
18%
beautiful
17%
Counting
14%

Score Distribution

Percentile by Number Answered

Percent of People with Each Score

Your Score History

You have not taken this quiz